00326pab a2200133 454500008004000000100002200040245002700062260000900089300001300098362001000111650001500121650002200136773003400158180718b2011 xxu||||| |||| 00| 0 eng d aBanerjee, Sumanta aBreeding 'black sheep' c2011 ap.10-13. a8 Jan aCorruption aFinancial markets aEconomic and Political Weekly